000 00447nam a2200193Ia 4500
003 GCL
008 140319s9999 xx 000 0 eng d
040 _aGCL /
_cGCL
082 0 4 _a759
_bM C
100 1 _aMAIR ALFRED
245 1 0 _aCARAVAGGIO /
_cMAIR ALFRED
260 _a[S.N] :
_bTHAMES AND HUDSON ،
_c1989
300 _a126 PP
650 0 4 _aCARAVAGGIO
650 0 4 _aARTS
650 0 4 _aPAINTING
650 0 4 _aPAINTERS
942 _2ddc
_cBK
999 _c18846
_d18846